Antenna theory: analysis and design

Guardat en:
Dades bibliogràfiques
Autor principal: Balanis, Constantine A (Autor)
Format: Llibre
Idioma:anglès
Publicat: Nueva York John Wiley & Sons 1997
Edició:2a. ed
Matèries:
Etiquetes: Afegir etiqueta
Sense etiquetes, Sigues el primer a etiquetar aquest registre!

MARC

LEADER 00000nam a2200000 a 4500
001 UCL4087
003 CL-VaPUC
008 031219e19970000US |||||||||||||||||eng|d
020 |a 0471592684 
082 0 4 |a 621.3824  |b BAL  |2 21 
100 0 |a Balanis, Constantine A  |e author  |9 481598 
245 1 0 |a Antenna theory: analysis and design 
250 |a 2a. ed 
300 |a 941 p 
942 |c BK 
945 |d 20031219 00:00:00  |a cmena 
260 |a Nueva York  |b John Wiley & Sons  |c 1997 
500 |a Incluye diskette 
650 0 |a Antenas  |9 263309 
650 0 |a Propagación de ondas  |9 263256 
650 0 |a Tecnología electrónica  |9 334386 
583 |a last modification  |c 20031219 00:00:00  |k Rodrigo Vera 
999 |c 307032  |d 307030 
952 |0 0  |1 0  |4 0  |6 621_382400000000000_BAL_1997  |7 0  |8 A  |9 372499  |a BIBING  |b BIBING  |d 2019-11-21  |i 3977277  |l 1  |o 621.3824 BAL 1997  |p 3977277  |r 2025-01-20  |s 2022-12-09  |w 2019-11-21  |y BK  |k EIE 
952 |0 0  |1 0  |4 0  |6 621_382400000000000_BAL_1997  |7 0  |8 A  |9 372500  |a BIBING  |b BIBING  |d 2019-11-21  |i 3977285  |l 2  |m 1  |o 621.3824 BAL 1997  |p 3977285  |r 2025-01-20  |s 2023-08-28  |w 2019-11-21  |y BK  |k EIE 
952 |0 0  |1 0  |4 0  |6 621_382400000000000_BAL_1997  |7 0  |8 A  |9 372501  |a BIBING  |b BIBING  |d 2019-11-21  |i 3977293  |l 1  |m 1  |o 621.3824 BAL 1997  |p 3977293  |r 2025-01-20  |s 2022-11-11  |w 2019-11-21  |y BK  |k EIE 
952 |0 0  |1 0  |4 0  |6 621_382400000000000_BAL_1997  |7 0  |8 A  |9 372502  |a BIBING  |b BIBING  |d 2019-11-21  |i 3981657  |l 3  |o 621.3824 BAL 1997  |p 3981657  |r 2025-01-20  |s 2023-08-23  |w 2019-11-21  |y BK  |k EIE